书目信息 |
| 题名: |
鸟类疾病防治手册
|
|
| 作者: | 凌育焱主編 | |
| 分册: | ||
| 出版信息: | 广州 暨南大学出版社 1993.10 |
|
| 页数: | 344页 | |
| 开本: | 19cm | |
| 丛书名: | ||
| 单 册: | ||
| 中图分类: | S858.39 | |
| 科图分类: | ||
| 主题词: | 兽医学 | |
| 电子资源: | ||
| ISBN: | 7-81029-211-0 | |
| 000 | 00587nam0 2200193 450 | |
| 001 | 0832576278 | |
| 005 | 20080923090943.52 | |
| 010 | @a7-81029-211-0@dCNY7.80 | |
| 100 | @a20080923d1993 km y0chiy0120 ea | |
| 101 | 0 | @achi |
| 102 | @aCN@b440000 | |
| 200 | 1 | @a鸟类疾病防治手册@Aniao lei ji bing fang zhi shou ce@f凌育焱主編@Fling yu yan zhu bian |
| 210 | @a广州@c暨南大学出版社@d1993.10 | |
| 215 | @a344页@d19cm | |
| 606 | 0 | @a兽医学 |
| 690 | @aS858.39@v4 | |
| 701 | 0 | @a凌育焱主編@Aling yu yan zhu bian |
| 801 | 0 | @aCN@b大连网信软件有限公司图书馆·11@c20080923 |
| 905 | @aBZT@dS858.39@e37 | |
| 鸟类疾病防治手册/凌育焱主編.-广州:暨南大学出版社,1993.10 |
| 344页;19cm |
| ISBN 7-81029-211-0:CNY7.80 |
| ● |
| 相关链接 |
|
|
|
正题名:鸟类疾病防治手册
索取号:S858.39/37
 
预约/预借
| 序号 | 登录号 | 条形码 | 馆藏地/架位号 | 状态 | 备注 |
| 1 | 065915 | 201264880 | 中心书库中库/ 中库031架A面5列2层111/ [索取号:S858.39/37] | 在馆 | |
| 2 | 065916 | 201264899 | 中心书库中库/ 中库031架A面5列2层110/ [索取号:S858.39/37] | 在馆 | |
| 3 | 065917 | 201264871 | 中心书库中库/ 中库031架A面5列2层112/ [索取号:S858.39/37] | 在馆 |